00393nam a22001457a 4500003000500000005001700005008004100022020001800063038001700081082000800098100003400106245006000140260002900200300001800229NUST20180524054250.0180524b ||||| |||| 00| 0 eng d a9788847017832 aSNS Library  a515 aGlaudio Canuto, Anita Tabacco aMathematical Analysis IIcGlaudio Canuto, Anita Tabacco aLondon bSpringer c2010 aX,523 p. bHB